Análisis y funcionalización pedagógica de la telenovela

El trabajo presenta un modelo semiótico destinado al análisis de la telenovela. El modelo ha sido diseñado para su empleo, tanto en la enseñanza de la comunicación audiovisual (formación profesional), como en el proceso de su funcionalización pedagógica en el contexto de la enseñanza de la lengua, l...

Full description

Bibliographic Details
Main Author: Sánchez Villarroel, Jorge
Format: Analitica de revista
Language:Spanish
Published: Concepción : Horizontes Educacionales, 2005.
Subjects:
Online Access:Acceso electrónico al documento

MARC

LEADER 00000nam a22000007a 4500
008 200409s2005 cl |||| |||| 00| 0 spa d
999 |c 53311  |d 53311 
040 |a UAHC  |c UAHC 
100 |9 11630  |a Sánchez Villarroel, Jorge 
245 |a Análisis y funcionalización pedagógica de la telenovela  |c Jorge Sánchez Villarroel. 
260 |a Concepción :  |b Horizontes Educacionales,  |c 2005. 
300 |a p.95-106. 
500 |a En: Horizontes Educacionales, vol. 10, no. 1, 2005. pp. 95-106. 
520 |a El trabajo presenta un modelo semiótico destinado al análisis de la telenovela. El modelo ha sido diseñado para su empleo, tanto en la enseñanza de la comunicación audiovisual (formación profesional), como en el proceso de su funcionalización pedagógica en el contexto de la enseñanza de la lengua, la literatura y la comunicación (educación media). El modelo se estructura en torno a un eje semiótico general y tres escenarios interpretativos específicos: dramático, teatral y mediático. 
650 0 |9 11631  |a Teleseries  |x Aspectos sociales 
653 |a Teleseries -- Aspectos educacionales 
856 |y Acceso electrónico al documento  |u https://dialnet.unirioja.es/servlet/articulo?codigo=3993220 
942 |2 ddc  |c REVA